Botanique agricole / (Record no. 140060)
[ view plain ]
| 000 -LEADER | |
|---|---|
| campo de control de longitud fija | 00646nam a2200217 i 4500 |
| 001 - NÚMERO DE CONTROL | |
| campo de control | 140060 |
| 003 - IDENTIFICADOR DE NÚMERO DE CONTROL | |
| campo de control | ES-MaACL |
| 005 - FECHA Y HORA DE LA ÚLTIMA TRANSACCIÓN | |
| campo de control | 20250814081111.0 |
| 007 - CAMPO FIJO DE DESCRIPCIÓN FÍSICA--INFORMACIÓN GENERAL | |
| campo de control de longitud fija | t| |
| 008 - DATOS DE LONGITUD FIJA--INFORMACIÓN GENERAL | |
| campo de control de longitud fija | 070214s1906 fr r ||||1| fre d |
| 080 ## - NÚMERO DE LA CLASIFICACIÓN DECIMAL UNIVERSAL | |
| Número de la Clasificación Decimal Universal | 581.6 |
| 100 1# - ENTRADA PRINCIPAL--NOMBRE DE PERSONA | |
| Nombre de persona | Schribaux, E. |
| 9 (RLIN) | 104706 |
| 245 10 - MENCIÓN DEL TÍTULO | |
| Título | Botanique agricole / |
| Mención de responsabilidad, etc. | E. Schribaux, J. Nanot ; introduction par P. Regnard. |
| 260 ## - PUBLICACIÓN, DISTRIBUCIÓN, ETC. | |
| Lugar de publicación, distribución, etc. | Paris : |
| Nombre del editor, distribuidor, etc. | J. B. Baillière, |
| Fecha de publicación, distribución, etc. | 1906. |
| 300 ## - DESCRIPCIÓN FÍSICA | |
| Extensión | XII, 376 p. : |
| Otras características físicas | il. ; |
| Dimensiones | 18 cm. |
| 650 #7 - PUNTO DE ACCESO ADICIONAL DE MATERIA--TÉRMINO DE MATERIA | |
| Término de materia o nombre geográfico como elemento de entrada | Botánica agrícola |
| Fuente del encabezamiento o término | embne |
| 9 (RLIN) | 150276 |
| 700 1# - ENTRADA AGREGADA--NOMBRE PERSONAL | |
| Nombre de persona | Nanot, J. |
| 9 (RLIN) | 84901 |
| 700 1# - ENTRADA AGREGADA--NOMBRE PERSONAL | |
| Nombre de persona | Regnard, Paul ( |
| Fechas asociadas al nombre | 1850-1927) |
| 9 (RLIN) | 150831 |
| 852 4# - LOCALIZACIÓN | |
| Ubicación | ES-MaACL |
| Número de control de estantería | D-3701 |
| Estatus retirado | Estado de pérdida | Estado de daño | No para préstamo | Biblioteca de origen | Biblioteca actual | Ubicación en estantería | Fecha de adquisición | Fuente de adquisición | Total de préstamos | Signatura topográfica completa | Código de barras | Visto por última vez | Precio de reemplazo | Tipo de ítem Koha |
|---|---|---|---|---|---|---|---|---|---|---|---|---|---|---|
| Biblioteca del Ateneo de Madrid | Biblioteca del Ateneo de Madrid | Sala Valle Inclán | 17/01/2008 | D-3701 | 901145751 | 23/02/2023 | 23/02/2023 | Libro impreso |
